| 000 | 01076pam a2200301 a 4500 | ||
|---|---|---|---|
| 001 | 28231 | ||
| 003 | BD-RjUL | ||
| 005 | 20211209051244.0 | ||
| 008 | 140329r1956mdu b 001 0 eng | ||
| 020 | _a0801832497 (pbk.) | ||
| 035 | _a(BD-RjUL)28312 | ||
| 040 |
_aDLC _cDLC _dDLC _beng |
||
| 041 | _aeng | ||
| 082 | 0 | 0 |
_a973.9110924 _219 _bBET 1962 |
| 100 | 1 |
_aBeale, Howard K. _q(Howard Kennedy), _d1899-1959. _986460 |
|
| 245 | 1 | 0 |
_aTheodore Roosevelt and the rise of America to world power / _cHoward K. Beale. |
| 250 | _aJohns Hopkins paperbacks ed. | ||
| 260 |
_aBaltimore : _bJohns Hopkins University Press, _c1984, c1956. |
||
| 300 |
_a413 p. : _c22 cm. |
||
| 500 | _aReprint. Originally published: Baltimore : Johns Hopkins Press, 1956. (The Albert Shaw lectures on diplomatic history ; 1953) | ||
| 500 | _aIncludes index. | ||
| 504 | _aBibliography: p. 463-579. | ||
| 600 | 1 | 0 |
_aRoosevelt, Theodore, _d1858-1919. _986466 |
| 651 | 0 |
_aUnited States _xForeign relations _y1901-1909. _986462 |
|
| 942 |
_2ddc _cBK |
||
| 999 |
_c28231 _d28231 |
||